Irodalom metafizika

Elmentve itt :
Bibliográfiai részletek
Szerző: Ervin Gábor
További közreműködők: Lotz
Adatforrás:Philobibl
Forrásdokumentuma:Bölcseleti Közlemények
5.1939:1. p. 81-82.
Dokumentumtípus: Cikk
Nyelv:magyar
Kulcsszavak:értékelmélet
neveléselmélet

egzisztencializmus
LEADER 00457nab a2200157 c 4500
001 bibPHI0037310
005 20200924123801.1
008 100325s1939 hu hun
100 1 |a Ervin Gábor 
245 1 0 |a Irodalom  |b metafizika  |b Lotz: Sein und Wert. Paderborn, 1938.  |c Ervin Gábor 
695 |a értékelmélet 
695 |a neveléselmélet 
695 |a jó 
695 |a egzisztencializmus 
700 1 |a Lotz 
773 0 |t Bölcseleti Közlemények  |g 5.1939:1. p. 81-82.